000 00288nam a22001217a 4500
020 _a9789350141557
082 _a621.382 SHA
100 _aSanjay Sharma
245 _aFundamentals of analog communication
260 _aNew Delhi
_bKataria & Sons
_c2012
300 _a364p.
942 _cBK
999 _c490600
_d490600